00925nam a2200241 i 450000100060000000300090000600500170001500700030003200800410003502000180007608000230009408000350011710000350015224501110018726000780029830000350037649000550041160000340046665100550050071000400055583000550059585200330065066814ES-MaACL20250821091800.0t|040402s2002 sp ||||1| spa d a84-95394-35-9 a930.2(460.288)"15" a929 Juana I, Reina de Castilla1 aCarrilero Martínez, Ramón.10aColección documental albacetense de la reina doña Juana (1505-1519) / cRamón Carrillero Martínez. aAlbacete : bInstituto de Estudios Albacetenses "Don Juan Manuel",c2002. a257 p. : bil. col. ; c24 cm.1 aSerie 0--Corpus, documenta y bibliografía ; v1704aJuana bI,cReina de Castilla 4aAlbacete (Provincia)-xHistoria-yS.XVI-vFuentes.2 aInstituto de Estudios Albacetenses.0 aSerie 0--Corpus, documenta y bibliografía ; v17 aES-MaACLjL-27282 bR.132913